Normal view
MARC view
- Davidson, Jack W Cohoon, James P
Entry Personal Name
001 - CONTROL NUMBER
- control field: 59541
003 - CONTROL NUMBER IDENTIFIER
- control field: NUST
005 - DATE AND TIME OF LATEST TRANSACTION
- control field: 20210628202346.0
008 - FIXED-LENGTH DATA ELEMENTS
- fixed length control field: 210628|| aca||aabn | a|a d
040 ## - CATALOGING SOURCE
- Original cataloging agency: NUST
- Transcribing agency: NUST
100 ## - HEADING--PERSONAL NAME
- Personal name: Davidson, Jack W Cohoon, James P
670 ## - SOURCE DATA FOUND
- Source citation: Work cat.: (NUST): Davidson, Jack W Cohoon, James P, C plus plus program design, an introduction to programming and object-oriented design, 2002
